000
00429nam a2200181Ia 4500
008
090124s9999 xx 000 0 und d
082
_b
124335
100
_a
साठे माया
245
_a
राधा
250
_a
1
260
_c
1991
300
_a
195
600
_a
साठे माया
630
_a
राधा
700
_a
साठे माया
730
_a
राधा
942
_c
BOOK
999
_c
170422
_d
170422